The end of the American era

保存先:
書誌詳細
第一著者: Hacker, Andrew
フォーマット: 図書
言語:Undetermined
出版事項: New York Atheneum 1970
主題:
タグ: タグ追加
タグなし, このレコードへの初めてのタグを付けませんか!
Thư viện lưu trữ: Trung tâm Học liệu Trường Đại học Cần Thơ
LEADER 00462nam a2200181Ia 4500
001 CTU_82150
008 210402s9999 xx 000 0 und d
082 |a 301.2 
082 |b H118 
100 |a Hacker, Andrew 
245 4 |a The end of the American era 
245 0 |c Andrew Hacker 
260 |a New York 
260 |b Atheneum 
260 |c 1970 
650 |a Civilization 
904 |i Trọng Hải 
980 |a Trung tâm Học liệu Trường Đại học Cần Thơ